| 000 | 00479nam a2200181 i 4500 | ||
|---|---|---|---|
| 001 | 147672 | ||
| 003 | ES-MaACL | ||
| 005 | 20230906202212.0 | ||
| 007 | t| | ||
| 008 | 071004s1968 sp ||||1| baq d | ||
| 080 | _a254 | ||
| 100 | 1 |
_aUrkola Eleizegi, Mikel. _9112188 |
|
| 245 | 1 | 0 |
_aSekularrak apaiztu / _cMikel Urkola. |
| 260 |
_a[Vitoria : _bMikel Urkola, _c1968] |
||
| 300 |
_a178 p. ; _c19 cm. |
||
| 650 | 1 | 4 |
_aSacerdotes. _916959 |
| 852 |
_aES-MaACL _jC-51215 _bR.67398 |
||
| 999 |
_c147672 _d147672 |
||